00440nam a22001217a 450000500170000000800410001704000180005810000200007624501240009626000480022030000260026865000240029420250303125548.0250303b |||||||| |||| 00| 0 eng d aKMUcKMUdKMU aNamakau, Mwanje aEffect of Garlic ( Allium Sativum) As an Immune Booster in the Diet of Juvenile Oreochromis Andersonii/cNamakau Mwanje aChinsali:bKapasa Makasa University,c2021. av, 18p.:bill;c30 cm aFisheries and Aquac